[Event "11. Torneo Internet Ciudad Dos Hermanas"]
[Site "Dos Hermanas ICC ESP"]
[Date "2010.03.20"]
[Round "20"]
[White "Lastin, Alexander"]
[Black "Lenderman, Aleksandr"]
[Result "1-0"]
[WhiteElo "2643"]
[BlackElo "2601"]
[PlyCount "137"]
[EventDate "2010.03.10"]
[EventType "match (blitz)"]
[EventCountry "ESP"]
[Source "lmi"]
[SourceDate "2010.03.12"]

1. e4 c6 2. d4 d5 3. e5 Bf5 4. Nf3 e6 5. Be2 c5 6. c3 Nc6 7. O-O Qb6 8. dxc5
Bxc5 9. b4 Be7 10. Be3 Qc7 11. b5 Nb8 12. Qa4 b6 13. c4 dxc4 14. Rc1 Nd7 15.
Rxc4 Bc5 16. Nbd2 Ne7 17. Nb3 O-O 18. Nxc5 bxc5 19. Bxc5 Nxc5 20. Qa3 Rfc8 21.
Rac1 Qd7 22. Rxc5 Rxc5 23. Rxc5 Nd5 24. Bf1 h6 25. h3 Nb6 26. Qc1 Be4 27. Be2
Bd5 28. Rc7 Qd8 29. a3 Nd7 30. a4 a5 31. bxa6 Kh7 32. a5 Bxf3 33. Bxf3 Rxa6 34.
Qc3 h5 35. Qd3+ g6 36. Qxd7 Qxd7 37. Rxd7 Kg7 38. Be2 Rxa5 39. f4 h4 40. Kf2
Ra4 41. Kf3 Ra3+ 42. Rd3 Ra4 43. Rd7 g5 44. fxg5 Kg6 45. Bd3+ Kxg5 46. Rxf7 Ra3
47. Ke3 Ra2 48. Rf2 Ra5 49. Kd4 Ra4+ 50. Bc4 Ra6 51. Rf6 Ra1 52. Rxe6 Rd1+ 53.
Bd3 Kf4 54. Rf6+ Kg3 55. Rg6+ Kh2 56. e6 Re1 57. Kd5 Rd1 58. Kd4 Re1 59. Be4
Rd1+ 60. Ke5 Rd8 61. e7 Re8 62. Ke6 Rxe7+ 63. Kxe7 Kg1 64. g4 Kf2 65. Rh6 Kg3
66. Rxh4 Kxh4 67. Bg2 Kg5 68. Kd6 Kf4 69. Kd5 1-0

[Event "11. Torneo Internet Ciudad Dos Hermanas"]
[Site "Dos Hermanas ICC ESP"]
[Date "2010.03.20"]
[Round "21"]
[White "Vasquez Schroeder, Rodrigo"]
[Black "Amonatov, Farrukh"]
[Result "1-0"]
[WhiteElo "2506"]
[BlackElo "2637"]
[PlyCount "149"]
[EventDate "2010.03.10"]
[EventType "match (blitz)"]
[EventCountry "ESP"]
[Source "lmi"]
[SourceDate "2010.03.12"]

1. d4 d5 2. c4 c6 3. Nc3 Nf6 4. e3 a6 5. Nf3 Bf5 6. Bd3 Bxd3 7. Qxd3 e6 8. O-O
Bd6 9. e4 dxe4 10. Nxe4 Nxe4 11. Qxe4 Nd7 12. b3 O-O 13. Bb2 Re8 14. Rfe1 a5
15. a3 Qc7 16. g3 h6 17. Kg2 b5 18. c5 Bf8 19. Rad1 Nf6 20. Qc2 Nd5 21. Ne5 g6
22. Bc1 Bg7 23. Ng4 h5 24. Ne5 Rad8 25. Bd2 Ra8 26. Qe4 a4 27. b4 Rad8 28. Nf3
Rd7 29. Bg5 Qb8 30. Rd3 Qc7 31. Qh4 Qb8 32. Bc1 Qd8 33. Qe4 Qc7 34. h3 Qd8 35.
Red1 Nf6 36. Qe2 Nd5 37. Bg5 Qc7 38. Qe4 Qb8 39. g4 hxg4 40. hxg4 Qc7 41. Rh1
Nf6 42. Bxf6 Bxf6 43. g5 Bg7 44. Rh4 Rd5 45. Rd1 Rf5 46. Rdh1 Qd7 47. Ne5 Qd5
48. Qxd5 Rxg5+ 49. Kf3 cxd5 50. Nd3 Rf5+ 51. Ke3 e5 52. dxe5 Bxe5 53. Nxe5
Rexe5+ 54. Kd4 Re2 55. Rc1 Rfxf2 56. Kxd5 Rf5+ 57. Kc6 Re3 58. Kxb5 Rxa3 59.
Rhc4 Ra2 60. Ka5 a3 61. b5 Rb2 62. Ra4 a2 63. Kb6 Rb1 64. Rxa2 Rxc1 65. c6 Rb1
66. Ra5 Rf6 67. Kb7 g5 68. b6 Rc1 69. Rxg5+ Kf8 70. c7 Ke7 71. Rd5 Rd6 72. Rxd6
Kxd6 73. c8=Q Rxc8 74. Kxc8 f5 75. b7 1-0

[Event "11. Torneo Internet Ciudad Dos Hermanas"]
[Site "Dos Hermanas ICC ESP"]
[Date "2010.03.20"]
[Round "22"]
[White "Amonatov, Farrukh"]
[Black "Vasquez Schroeder, Rodrigo"]
[Result "0-1"]
[WhiteElo "2637"]
[BlackElo "2506"]
[PlyCount "80"]
[EventDate "2010.03.10"]
[EventType "match (blitz)"]
[EventCountry "ESP"]
[Source "lmi"]
[SourceDate "2010.03.12"]

1. e4 e5 2. Nf3 d6 3. d4 Nf6 4. Nc3 Nbd7 5. Bc4 Be7 6. O-O O-O 7. a4 c6 8. Ba2
b6 9. Qe2 a6 10. Rd1 Qc7 11. h3 Rb8 12. Nh4 exd4 13. Rxd4 Ne5 14. Be3 Re8 15.
f4 Ng6 16. Nf5 Bf8 17. Qf3 d5 18. g4 Bc5 19. e5 Bxf5 20. gxf5 Nxe5 21. fxe5
Qxe5 22. Rd3 Bxe3+ 23. Kh1 d4 24. Ne2 Qe4 25. Qxe4 Nxe4 26. Kg2 c5 27. Rf1 b5
28. axb5 axb5 29. Bd5 Nf6 30. Bf3 b4 31. Ra1 Re5 32. Ng3 c4 33. Rdd1 g6 34.
fxg6 hxg6 35. b3 cxb3 36. cxb3 Rc8 37. Ra2 Rc3 38. Ne2 Rxb3 39. Nxd4 Rg5+ 40.
Kh1 Bxd4 0-1

[Event "11. Torneo Internet Ciudad Dos Hermanas"]
[Site "Dos Hermanas ICC ESP"]
[Date "2010.03.20"]
[Round "23"]
[White "Zinchenko, Yaroslav"]
[Black "Lastin, Alexander"]
[Result "0-1"]
[WhiteElo "2546"]
[BlackElo "2643"]
[PlyCount "82"]
[EventDate "2010.03.10"]
[EventType "match (blitz)"]
[EventCountry "ESP"]
[Source "lmi"]
[SourceDate "2010.03.12"]

1. e4 c6 2. d4 d5 3. exd5 cxd5 4. c4 Nf6 5. Nc3 e6 6. Nf3 Bb4 7. Bd3 dxc4 8.
Bxc4 O-O 9. O-O b6 10. Bg5 Bb7 11. Rc1 Nbd7 12. Qe2 h6 13. Be3 Rc8 14. Bd3 Nd5
15. Ne4 Rxc1 16. Rxc1 N7f6 17. Nxf6+ Nxf6 18. a3 Bd6 19. h3 Qa8 20. Ba6 Bd5 21.
Ne1 Re8 22. Bb5 Rc8 23. Rxc8+ Qxc8 24. Qc2 Qb7 25. f3 a6 26. Bd3 b5 27. b4 Bc6
28. Bf2 Nd5 29. Be4 f5 30. Bd3 Bb8 31. g3 Nf6 32. Be2 Bd5 33. Qc3 Bd6 34. Qc2
Qb8 35. Kg2 Nh5 36. g4 Nf4+ 37. Kh1 Nxh3 38. gxf5 Nxf2+ 39. Kg2 Ng4 40. Qd3
Bxb4 41. Kf1 Qg3 0-1

[Event "11. Torneo Internet Ciudad Dos Hermanas"]
[Site "Dos Hermanas ICC ESP"]
[Date "2010.03.20"]
[Round "25"]
[White "Zinchenko, Yaroslav"]
[Black "Lastin, Alexander"]
[Result "1-0"]
[WhiteElo "2546"]
[BlackElo "2643"]
[PlyCount "89"]
[EventDate "2010.03.10"]
[EventType "match (blitz)"]
[EventCountry "ESP"]
[Source "lmi"]
[SourceDate "2010.03.12"]

1. e4 c6 2. d4 d5 3. e5 Bf5 4. Nd2 e6 5. Nb3 c5 6. dxc5 Bxc5 7. Nxc5 Qa5+ 8. c3
Qxc5 9. Qa4+ Nc6 10. Be3 Qa5 11. Qxa5 Nxa5 12. Bb5+ Nc6 13. f4 Be4 14. Kf2 Nh6
15. h3 Nf5 16. Bc5 h5 17. Nf3 a6 18. Bxc6+ bxc6 19. Ng5 h4 20. Nxe4 dxe4 21.
Rhd1 f6 22. Rd2 fxe5 23. fxe5 Kf7 24. Rd7+ Kg6 25. Rad1 a5 26. Rc7 Rhc8 27.
Rxc8 Rxc8 28. Rd7 Rb8 29. b3 Rb5 30. b4 axb4 31. cxb4 Rb8 32. a4 Kg5 33. a5 Ra8
34. Rc7 Kf4 35. Rxc6 Kxe5 36. a6 Rd8 37. a7 Rd2+ 38. Ke1 Ra2 39. Rc8 Ra1+ 40.
Kd2 Ra2+ 41. Kc1 e3 42. a8=Q e2 43. Bf2 Rxa8 44. Rxa8 Ne3 45. Kd2 1-0

[Event "11. Torneo Internet Ciudad Dos Hermanas"]
[Site "Dos Hermanas ICC ESP"]
[Date "2010.03.20"]
[Round "26"]
[White "Lastin, Alexander"]
[Black "Zinchenko, Yaroslav"]
[Result "0-1"]
[WhiteElo "2643"]
[BlackElo "2546"]
[PlyCount "148"]
[EventDate "2010.03.10"]
[EventType "match (blitz)"]
[EventCountry "ESP"]
[Source "lmi"]
[SourceDate "2010.03.12"]

1. e4 Nf6 2. e5 Nd5 3. d4 d6 4. Nf3 dxe5 5. Nxe5 c6 6. Bc4 g6 7. O-O Bg7 8. Re1
O-O 9. h3 Nd7 10. Nf3 N7b6 11. Bb3 a5 12. a4 Re8 13. c3 Bf5 14. Nbd2 Qc7 15.
Ne4 Rad8 16. Ng3 Bc8 17. Bg5 c5 18. dxc5 Qxc5 19. Qe2 h6 20. Bd2 Bd7 21. Ne5 e6
22. Ng4 h5 23. Nh6+ Kf8 24. Ne4 Qc7 25. Qf3 Bc6 26. Bg5 f5 27. Nc5 Rd6 28. Qg3
Nd7 29. Nd3 e5 30. Rad1 Qb6 31. Bc2 Rde6 32. c4 Nf4 33. Nxf4 exf4 34. Qa3+ Qb4
35. Rxe6 Rxe6 36. Bxf4 Qxa3 37. bxa3 Bb2 38. g4 hxg4 39. hxg4 fxg4 40. Nxg4
Bxa3 41. Bc7 Bb4 42. Ne3 Kg7 43. Nd5 Re2 44. Bd3 Ra2 45. Nxb4 axb4 46. a5 b3
47. Rb1 Nc5 48. Be5+ Kf7 49. Bf1 Be4 50. Re1 b2 51. Bxb2 Rxb2 52. Rd1 Ra2 53.
Rd4 Rxa5 54. Bh3 Bc6 55. Kh2 Ne6 56. Rd2 Nf4 57. Bg4 Rc5 58. Rc2 Ne6 59. Rb2
Rxc4 60. f3 Rc3 61. Kg3 Nd4 62. Kf4 Nxf3 63. Bxf3 Rxf3+ 64. Ke5 Rf5+ 65. Kd6
Rd5+ 66. Kc7 g5 67. Rf2+ Kg6 68. Rg2 Kf5 69. Rf2+ Ke4 70. Rb2 g4 71. Rb4+ Rd4
72. Rb3 Kf4 73. Rb2 g3 74. Rb4 Rxb4 0-1

[Event "11. Torneo Internet Ciudad Dos Hermanas"]
[Site "Dos Hermanas ICC ESP"]
[Date "2010.03.20"]
[Round "27"]
[White "Zinchenko, Yaroslav"]
[Black "Lastin, Alexander"]
[Result "0-1"]
[WhiteElo "2546"]
[BlackElo "2643"]
[PlyCount "144"]
[EventDate "2010.03.10"]
[EventType "match (blitz)"]
[EventCountry "ESP"]
[Source "lmi"]
[SourceDate "2010.03.12"]

1. e4 c6 2. d4 d5 3. e5 Bf5 4. Nd2 e6 5. Nb3 Nd7 6. Nf3 Qc7 7. Be2 f6 8. exf6
Ngxf6 9. O-O Bd6 10. Bg5 O-O 11. Bh4 Ne4 12. c4 Rae8 13. Nbd2 Ndf6 14. Nxe4
Nxe4 15. Bg3 Nxg3 16. hxg3 h6 17. Rc1 Qf7 18. Bd3 Bg4 19. Be2 Bf5 20. Ne5 Bxe5
21. dxe5 Rd8 22. Qd4 dxc4 23. Qxa7 b5 24. Qe3 Rd5 25. Bf3 Rd3 26. Qc5 Rd2 27.
b3 Bd3 28. Rfd1 Rxa2 29. bxc4 bxc4 30. Qxc6 Qf5 31. Qc7 Be2 32. Rd7 Qg5 33.
Bxe2 Qxc1+ 34. Kh2 Qg5 35. Qxc4 Ra3 36. Qxe6+ Kh8 37. Bf3 Ra1 38. Rf7 Rg8 39.
Qf5 Qxf5 40. Rxf5 Ra5 41. Bc6 g6 42. Rf7 Rxe5 43. f3 Rg7 44. Rf8+ Rg8 45. Rf7
Rg7 46. Rf8+ Kh7 47. Be4 h5 48. Rf6 Re8 49. Ra6 Ree7 50. Kh3 Kh6 51. Kh4 Re5
52. g4 hxg4 53. Kxg4 Kh7 54. Kh3 Ree7 55. g4 Ra7 56. Kg3 Rxa6 57. Kf4 Ra5 58.
Kg3 Rf7 59. Kh4 Re7 60. Kg3 Ra4 61. Bd5 Ra3 62. Bc6 Ra5 63. Be4 Kg7 64. Ba8 Rc5
65. Bb7 Rxb7 66. Kf2 Rb3 67. Ke2 Rcc3 68. Kd2 Rxf3 69. Ke2 Rh3 70. Kd2 Rh2+ 71.
Kd1 Rg3 72. Ke1 Rg1# 0-1

[Event "11. Torneo Internet Ciudad Dos Hermanas"]
[Site "Dos Hermanas ICC ESP"]
[Date "2010.03.20"]
[Round "28"]
[White "Lastin, Alexander"]
[Black "Zinchenko, Yaroslav"]
[Result "0-1"]
[WhiteElo "2643"]
[BlackElo "2546"]
[PlyCount "158"]
[EventDate "2010.03.10"]
[EventType "match (blitz)"]
[EventCountry "ESP"]
[Source "lmi"]
[SourceDate "2010.03.12"]

1. Nf3 Nf6 2. c4 g6 3. Nc3 d5 4. cxd5 Nxd5 5. g3 Bg7 6. Bg2 Nb6 7. O-O O-O 8.
d3 Nc6 9. Bd2 e5 10. Qc1 Re8 11. Bh6 Bh8 12. Ne4 Nd4 13. Nxd4 exd4 14. Bg5 f6
15. Bd2 Nd5 16. Qc5 c6 17. Nd6 Re5 18. Nxc8 Rxc8 19. Qxa7 Rxe2 20. Rad1 Qd7 21.
Bf3 Ree8 22. Rfe1 f5 23. Bxd5+ cxd5 24. Bf4 Qb5 25. Kg2 Bg7 26. h4 Ra8 27.
Rxe8+ Rxe8 28. Qa3 Bf8 29. Qb3 Qxb3 30. axb3 Re2 31. Rc1 b5 32. Rc8 Kf7 33.
Rc7+ Ke6 34. Rb7 b4 35. Rb6+ Kd7 36. Rb7+ Kc6 37. Rc7+ Kb5 38. Rxh7 Rxb2 39.
Rb7+ Kc5 40. Rc7+ Kb6 41. Rc8 Be7 42. Re8 Bc5 43. Rg8 Rxb3 44. Rxg6+ Kb5 45. h5
Bf8 46. h6 Bxh6 47. Rxh6 Rxd3 48. Rh8 b3 49. Rb8+ Kc4 50. Rc8+ Kb4 51. Bd6+ Kb5
52. Rb8+ Kc4 53. Rb4+ Kc3 54. Rb8 Kc2 55. Ba3 Rc3 56. g4 d3 57. gxf5 d2 58. Bb4
d1=Q 59. Bxc3 Kxc3 60. f6 Qg4+ 61. Kh2 Qf5 62. Kg2 Qg4+ 63. Kf1 Qf4 64. Rc8+
Kd3 65. Rc6 b2 66. Rb6 Kc2 67. Rc6+ Kd1 68. f7 Qxf7 69. Rb6 Kc1 70. Rc6+ Kb1
71. Rb6 Qf4 72. Rb3 Qc1+ 73. Kg2 Qc4 74. Rg3 Kc1 75. Rc3+ Qxc3 76. f4 b1=Q 77.
f5 Qbd3 78. f6 Qcd2+ 79. Kg1 Q3e2 0-1

[Event "11. Torneo Internet Ciudad Dos Hermanas"]
[Site "Dos Hermanas ICC ESP"]
[Date "2010.03.20"]
[Round "29"]
[White "Zinchenko, Yaroslav"]
[Black "Lastin, Alexander"]
[Result "1-0"]
[WhiteElo "2546"]
[BlackElo "2643"]
[PlyCount "75"]
[EventDate "2010.03.10"]
[EventType "match (blitz)"]
[EventCountry "ESP"]
[Source "lmi"]
[SourceDate "2010.03.12"]

1. Nf3 c5 2. g3 Nc6 3. Bg2 g6 4. O-O Bg7 5. d3 Nf6 6. c4 O-O 7. Nc3 d5 8. cxd5
Nxd5 9. Bd2 Nb6 10. Rc1 Bg4 11. h3 Bxf3 12. Bxf3 Rc8 13. Bg2 Qd7 14. b3 Nd4 15.
e3 Ne6 16. Qe2 h6 17. Rfd1 Rfd8 18. Be1 Kh7 19. Ne4 f5 20. Nc3 Bf6 21. h4 h5
22. Nb1 Kg7 23. Na3 Nf8 24. Nc4 Nxc4 25. dxc4 e5 26. Rxd7+ Rxd7 27. Rd1 Rcd8
28. Rxd7+ Rxd7 29. Bd5 Ne6 30. Bxe6 Rd6 31. Bd5 b5 32. e4 f4 33. gxf4 exf4 34.
Bd2 Be5 35. Qf3 Kf6 36. Bc3 b4 37. Qxf4+ Ke7 38. Bxe5 1-0

[Event "11. Torneo Internet Ciudad Dos Hermanas"]
[Site "Dos Hermanas ICC ESP"]
[Date "2010.03.20"]
[Round "30"]
[White "Lastin, Alexander"]
[Black "Zinchenko, Yaroslav"]
[Result "1/2-1/2"]
[WhiteElo "2643"]
[BlackElo "2546"]
[PlyCount "146"]
[EventDate "2010.03.10"]
[EventType "match (blitz)"]
[EventCountry "ESP"]
[Source "lmi"]
[SourceDate "2010.03.12"]

1. e4 Nf6 2. e5 Nd5 3. Nc3 Nxc3 4. dxc3 d6 5. exd6 cxd6 6. Bd3 g6 7. Nf3 Bg7 8.
h4 Bg4 9. Bf4 Nc6 10. Qd2 h5 11. g3 Qd7 12. Ng5 O-O 13. f3 Bf5 14. O-O-O e5 15.
Be3 Rad8 16. Kb1 d5 17. g4 Bxd3 18. cxd3 d4 19. Bf2 dxc3 20. bxc3 hxg4 21. h5
Qf5 22. hxg6 Qxg6 23. fxg4 Rd6 24. Ne4 Rd5 25. g5 Rfd8 26. Qe2 Kf8 27. Bc5+ Ke8
28. Ba3 b6 29. Ka1 Kd7 30. Rhe1 Kc7 31. Rf1 Kb7 32. Qf3 R8d7 33. c4 Rd4 34. c5
b5 35. Rb1 a6 36. Rbd1 Kc7 37. Bb2 R4d5 38. Qg3 Nd4 39. Rf2 Kc6 40. Rc2 Ne6 41.
Qg2 Nf4 42. Qf3 Rxd3 43. Rxd3 Rxd3 44. Qh1 Rd5 45. Nc3 Qe6 46. Nxd5 Qxd5 47.
Rc1 Qxh1 48. Rxh1 Nd3 49. Rf1 Nxb2 50. Kxb2 e4+ 51. Kc2 Kd5 52. Rxf7 Bd4 53.
Rd7+ Ke6 54. Rxd4 Ke5 55. Rd1 e3 56. Re1 e2 57. Rxe2+ Kd5 58. g6 b4 59. g7 b3+
60. Kxb3 Kc6 61. Kb2 a5 62. g8=Q a4 63. Qe6+ Kb5 64. Qe4 a3+ 65. Ka1 Ka5 66.
Qd3 Ka4 67. Qxa3+ Kxa3 68. Re3+ Kb4 69. c6 Ka5 70. c7 Kb6 71. Rb3+ Ka5 72. Rb7
Ka4 73. Ra7+ Kb4 1/2-1/2